Responder a una necesidad social: el divorcio vincular
Se analiza el debate legislativo surgido a propósito del articulo 31 de la ley 14.394 referido al divorcio en Argentina. Se busca exponer el contenido y las implicaciones de dicho artículo, así como la justificación jurídica y política que del mismo hizo la bancada peronista. Además, se analiza el d...
Guardat en:
| Format: | Llibre |
|---|---|
| Idioma: | Spanish |
| Matèries: | |
| Etiquetes: |
Afegir etiqueta
Sense etiquetes, Sigues el primer a etiquetar aquest registre!
|
MARC
| LEADER | 00000nam a22000007a 4500 | ||
|---|---|---|---|
| 003 | cru CIDCACS/IIS | ||
| 005 | 20170811113203.0 | ||
| 007 | ta | ||
| 008 | 161102b2014 mx ||||| |||| 00| 0 spa d | ||
| 999 | |c 18676 |d 18676 | ||
| 040 | |c cru CIDCACS/IIS | ||
| 245 | 0 | 0 | |a Responder a una necesidad social: |b el divorcio vincular |
| 300 | |a páginas 139-173 | ||
| 520 | |a Se analiza el debate legislativo surgido a propósito del articulo 31 de la ley 14.394 referido al divorcio en Argentina. Se busca exponer el contenido y las implicaciones de dicho artículo, así como la justificación jurídica y política que del mismo hizo la bancada peronista. Además, se analiza el debate político entre parlamentarios peronistas y antiperonistas. Finalmente, se revisa la versión extraparlamentaria del debate, tal como se expresó a través de la prensa peronista y antiperonista de diciembre del 1954 y enero de 1955. | ||
| 650 | 4 | |9 3402 |a DERECHO DE FAMILIA | |
| 650 | 1 | 0 | |9 955 |a DIVORCIO |
| 650 | 1 | 0 | |9 3753 |a PODER LEGISLATIVO |
| 650 | 1 | 0 | |9 1024 |a PERONISMO |
| 651 | 0 | |9 3346 |a ARGENTINA | |
| 773 | 0 | |0 18671 |9 90 |a Valle de Bethencourt, Paula |d México : FLACSO, 2014 |o 17467 |t La cuestión femenina en el peronismo: |z 9786079275457 | |
| 942 | |2 ddc |c LI | ||



